[Event "Pattaya CAD op"]
[Site "Pattaya"]
[Date "2023.04.03"]
[Round "4"]
[White "Nielsen, Karsten Ejvind"]
[Black "Rohland, Michael Karl"]
[Result "0-1"]
[WhiteElo "1926"]
[BlackElo "1691"]
[PlyCount "78"]
[EventDate "2023.04.01"]
[EventType "swiss"]
[EventRounds "7"]
[EventCountry "THA"]
[SourceTitle "CBM 213 Extra"]
[Source "ChessBase"]
[SourceDate "2023.05.31"]
[SourceVersion "1"]
[SourceVersionDate "2023.05.31"]
[SourceQuality "1"]

1. e4 c5 2. Nf3 Nc6 3. d4 cxd4 4. Nxd4 Nf6 5. Nc3 e5 6. Nb3 Bb4 7. Bd2 Bxc3 8. Bxc3 Nxe4 9. Bxe5 Qe7 10. Bd3 Qxe5 11. 0-0 0-0 12. Re1 d5 13. f3 f5 14. fxe4 dxe4 15. Bc4+ Be6 16. Bxe6+ Qxe6 17. c3 Rad8 18. Qe2 b6 19. Rad1 h6 20. Qb5 f4 21. Rxd8 Rxd8 22. Qa4 Re8 23. c4 f3 24. gxf3 Qg6+ 25. Kf2 Rf8 26. Nd2 exf3 27. Nxf3 Qf6 28. Re3 Ne5 29. c5 bxc5 30. Qe4 Nxf3 31. Rxf3 Qxb2+ 32. Kg3 Rxf3+ 33. Qxf3 Qe5+ 34. Kg2 c4 35. Qa8+ Kh7 36. Qxa7 Qe4+ 37. Kf1 c3 38. Qa3 c2 39. Qc1 Qh1+ 0-1

[Event "Pattaya CAD op"]
[Site "Pattaya"]
[Date "2023.04.01"]
[Round "1"]
[White "Nielsen, Karsten Ejvind"]
[Black "Botkate, Chanaporn"]
[Result "1-0"]
[WhiteElo "1926"]
[BlackElo "1049"]
[PlyCount "49"]
[EventDate "2023.04.01"]
[EventType "swiss"]
[EventRounds "7"]
[EventCountry "THA"]
[SourceTitle "CBM 213 Extra"]
[Source "ChessBase"]
[SourceDate "2023.05.31"]
[SourceVersion "1"]
[SourceVersionDate "2023.05.31"]
[SourceQuality "1"]

1. e4 c5 2. Nf3 Nc6 3. d4 d5 4. exd5 Qxd5 5. Nc3 Qe6+ 6. Be2 cxd4 7. Nxd4 Nxd4 8. Qxd4 Nf6 9. Be3 Qf5 10. Nb5 Nd5 11. Qxd5 Qxc2 12. Rc1 e6 13. Rxc2 Bb4+ 14. Bd2 exd5 15. Bxb4 Bf5 16. Nd6+ Kd7 17. Nxf5 g6 18. Bb5+ Ke6 19. Ng7+ Ke5 20. 0-0 f5 21. Re1+ Kf4 22. Ne6+ Kg4 23. Be2+ Kh4 24. g3+ Kh3 25. Nf4# 1-0

[Event "DEN-ch G7 Gr-1"]
[Site "Svendborg"]
[Date "2022.04.15"]
[Round "4"]
[White "Nielsen, Karsten Ejvind"]
[Black "Svendsen, Peter Willer"]
[Result "1-0"]
[WhiteElo "1789"]
[BlackElo "1909"]
[PlyCount "69"]
[EventDate "2022.04.12"]
[EventType "swiss"]
[EventRounds "7"]
[EventCountry "DEN"]
[SourceTitle "EXT 2024"]
[Source "ChessBase"]
[SourceDate "2023.10.10"]
[SourceVersion "1"]
[SourceVersionDate "2023.10.10"]
[SourceQuality "1"]

1. e4 e5 2. Nf3 Nf6 3. Nxe5 d6 4. Nf3 Nxe4 5. d4 d5 6. Bd3 Nc6 7. 0-0 Be7 8. Nc3 Nxc3 9. bxc3 0-0 10. Re1 Bg4 11. Rb1 Rb8 12. Bf4 h6 13. Re3 Bd6 14. Bxd6 Qxd6 15. h3 Bxf3 16. Qxf3 Rfe8 17. Rxe8+ Rxe8 18. Rxb7 Nxd4 19. cxd4 Re1+ 20. Bf1 Rxf1+ 21. Kxf1 Qa6+ 22. Qd3 Qxb7 23. Qb3 Qa6+ 24. Ke1 c6 25. a4 g6 26. f4 Qc8 27. Kd2 Qf5 28. Qb8+ Kg7 29. Qxa7 Qxf4+ 30. Kc3 Qe3+ 31. Kb2 Qd2 32. Qb6 Qxg2 33. a5 Qe2 34. a6 c5 35. a7 1-0

[Event "DEN-ch G7 Gr-1"]
[Site "Svendborg"]
[Date "2022.04.13"]
[Round "2"]
[White "Nielsen, Karsten Ejvind"]
[Black "Saravana, Vedant Kumar"]
[Result "1-0"]
[WhiteElo "1789"]
[BlackElo "1877"]
[PlyCount "139"]
[EventDate "2022.04.12"]
[EventType "swiss"]
[EventRounds "7"]
[EventCountry "DEN"]
[SourceTitle "EXT 2024"]
[Source "ChessBase"]
[SourceDate "2023.10.10"]
[SourceVersion "1"]
[SourceVersionDate "2023.10.10"]
[SourceQuality "1"]

1. e4 e5 2. Nf3 Nc6 3. Bc4 Bc5 4. c3 Nf6 5. d3 d6 6. Bb3 h6 7. 0-0 Be6 8. h3 Qd7 9. Bxe6 fxe6 10. Be3 Bb6 11. Nbd2 d5 12. Bxb6 axb6 13. exd5 Qxd5 14. Nc4 e4 15. Ne3 Qxd3 16. Qxd3 exd3 17. Rfd1 0-0-0 18. Nc4 Ne4 19. Nce5 Nxe5 20. Nxe5 Rd5 21. Ng6 Re8 22. f3 Nc5 23. c4 Rg5 24. Nh4 Rd8 25. b4 Na4 26. Rd2 Nc3 27. Kh2 Rd4 28. f4 Rxf4 29. Nf3 Rgf5 30. Rxd3 Ne4 31. Rad1 Nd6 32. Nd4 Re5 33. c5 bxc5 34. bxc5 Nf7 35. Ra3 Kb8 36. c6 Ree4 37. Rb1 Nd6 38. cxb7 Nxb7 39. Nc6+ Kc8 40. Ra8+ Kd7 41. Nb8+ Kc8 42. Na6+ Kd7 43. Rxb7 Kc6 44. Rxc7+ Kb6 45. Rxg7 Ra4 46. Nc7 Rxa8 47. Nxa8+ Kc6 48. Nc7 Kd6 49. Nb5+ Kc6 50. Nc3 Kd6 51. a4 Rc4 52. Nb5+ Ke5 53. Rg4 Rc5 54. Kg3 Kf6 55. Rf4+ Kg5 56. Nd4 Rc3+ 57. Rf3 Rc4 58. Nxe6+ Kg6 59. Nf4+ Kg5 60. h4+ Kf5 61. Ne2+ Ke5 62. Ra3 h5 63. a5 Rg4+ 64. Kh3 Rg7 65. a6 Ra7 66. Ng3 Kd6 67. Nxh5 Kc6 68. g4 Kb6 69. g5 Rxa6 70. Rxa6+ 1-0

[Event "DEN-ch Kort1 Gr-1"]
[Site "Svendborg"]
[Date "2022.04.11"]
[Round "4"]
[White "Ringsmose, Christian"]
[Black "Nielsen, Karsten Ejvind"]
[Result "0-1"]
[WhiteElo "1739"]
[BlackElo "1789"]
[PlyCount "72"]
[EventDate "2022.04.09"]
[EventType "swiss"]
[EventRounds "5"]
[EventCountry "DEN"]
[SourceTitle "EXT 2024"]
[Source "ChessBase"]
[SourceDate "2023.10.10"]
[SourceVersion "1"]
[SourceVersionDate "2023.10.10"]
[SourceQuality "1"]

1. e4 c5 2. Nf3 d6 3. d4 cxd4 4. Nxd4 Nf6 5. Nc3 a6 6. Bg5 e6 7. f4 Nbd7 8. Bc4 Qc7 9. Bb3 b5 10. Qf3 Bb7 11. 0-0-0 Be7 12. Bxe6 fxe6 13. Nxe6 Qc6 14. Nxg7+ Kf7 15. Nf5 Rac8 16. Nxe7 Kxe7 17. Nd5+ Kf7 18. Qb3 Nc5 19. Qh3 Ncxe4 20. Ne3 d5 21. Rhf1 Rhd8 22. Bxf6 Nxf6 23. Rf2 d4 24. Ng4 Nxg4 25. Qxh7+ Kf8 26. Qh8+ Kf7 27. Qh7+ Ke6 28. Qg6+ Nf6 29. Re2+ Kd6 30. Qxf6+ Kc5 31. Qe7+ Rd6 32. b4+ Kb6 33. Rd3 Rc7 34. Qh4 Qc4 35. Qg3 Be4 36. Red2 Qxa2 0-1

[Event "DEN-ch Kort1 Gr-1"]
[Site "Svendborg"]
[Date "2022.04.10"]
[Round "2"]
[White "Justesen, Martin"]
[Black "Nielsen, Karsten Ejvind"]
[Result "0-1"]
[WhiteElo "1852"]
[BlackElo "1789"]
[PlyCount "110"]
[EventDate "2022.04.09"]
[EventType "swiss"]
[EventRounds "5"]
[EventCountry "DEN"]
[SourceTitle "EXT 2024"]
[Source "ChessBase"]
[SourceDate "2023.10.10"]
[SourceVersion "1"]
[SourceVersionDate "2023.10.10"]
[SourceQuality "1"]

1. d4 Nf6 2. Nf3 g6 3. g3 Bg7 4. Bg2 0-0 5. 0-0 d6 6. b3 e5 7. dxe5 dxe5 8. Bb2 Nc6 9. Qc1 Bg4 10. h3 Bxf3 11. exf3 Qd7 12. Rd1 Qf5 13. c3 Rad8 14. Na3 Rxd1+ 15. Qxd1 Rd8 16. Qe2 Qd3 17. Re1 Qxe2 18. Rxe2 Rd1+ 19. Kh2 Nd5 20. c4 Ndb4 21. Nb5 Nxa2 22. f4 Nc1 23. Bxc1 Rxc1 24. fxe5 Rb1 25. Nxc7 Rxb3 26. e6 fxe6 27. Nxe6 Nd4 28. Nxd4 Bxd4 29. Rd2 Bc5 30. Bd5+ Kf8 31. Kg2 a5 32. Ra2 b6 33. Bc6 Ke7 34. Bb5 Kd6 35. Rd2+ Ke5 36. f4+ Ke4 37. Bc6+ Ke3 38. Rc2 Kd3 39. Rc1 Rc3 40. Rxc3+ Kxc3 41. Bb5 Kb3 42. Kf3 a4 43. Bxa4+ Kxa4 44. Ke4 Kb4 45. Kd5 Kc3 46. g4 Kd3 47. h4 Ke3 48. f5 gxf5 49. gxf5 Kf4 50. Ke6 Kg4 51. f6 Kxh4 52. Kf5 h5 53. Kf4 Kh3 54. Kf3 h4 55. f7 Kh2 0-1

[Event "DEN-ch Kort1 Gr-1"]
[Site "Svendborg"]
[Date "2022.04.10"]
[Round "3"]
[White "Nielsen, Karsten Ejvind"]
[Black "Christensen, John Christoffer H"]
[Result "1-0"]
[WhiteElo "1789"]
[BlackElo "1837"]
[PlyCount "109"]
[EventDate "2022.04.09"]
[EventType "swiss"]
[EventRounds "5"]
[EventCountry "DEN"]
[SourceTitle "EXT 2024"]
[Source "ChessBase"]
[SourceDate "2023.10.10"]
[SourceVersion "1"]
[SourceVersionDate "2023.10.10"]
[SourceQuality "1"]

1. e4 c5 2. Nf3 e6 3. d4 cxd4 4. Nxd4 a6 5. Nc3 Qc7 6. Bd3 Nf6 7. f4 d6 8. Qf3 Nbd7 9. g4 Nc5 10. g5 Nfd7 11. Be3 b5 12. a3 Bb7 13. Rc1 Be7 14. b4 Nxd3+ 15. cxd3 Qd8 16. h4 Rc8 17. Kd2 0-0 18. f5 Ne5 19. Qg3 exf5 20. Nxf5 Qd7 21. h5 Rfe8 22. g6 fxg6 23. hxg6 hxg6 24. Nxe7+ Rxe7 25. Bf4 Rf8 26. Bxe5 dxe5 27. Qh2 Rf3 28. Qe2 Rf6 29. Rh2 Qd4 30. Qe3 Qd7 31. Rch1 Qg4 32. Rg1 Qc8 33. Rgh1 Qg4 34. Qc5 Qe6 35. Qa7 Kf7 36. Rh8 Qg4 37. Qb8 Qf4+ 38. Kc2 Ke6 39. Rd8 Qe3 40. Rhh8 Qb6 41. Nd5 Rf2+ 42. Kb3 Qc6 43. Nc3 g5 44. Rd5 Qc7 45. Qxc7 Rxc7 46. Re8+ Kf7 47. Rdxe5 g4 48. Rd8 Rc6 49. Rd7+ Kf6 50. Ree7 Kg5 51. Rxg7+ Rg6 52. Rxb7 g3 53. e5 g2 54. Ne4+ Kf4 55. Rxg6 1-0